00393pab a2200145 454500008004000000100002200040245006300062260000900125300001100134362000900145650001600154700002200170700001700192773003800209180718b1987 xxu||||| |||| 00| 0 eng d aBendor, Jonathan, aStocking the deckbBureaucratic missions and policy design c1987 a873-96 aSep. aBureaucracy aRoland Van Gaalen aSerge Tayler aAmerican Political Science Review